Statistics for Most and Least Populous Countries in 1950

Click here to take the quiz!

General Stats

  • This quiz has been taken 23 times
  • The average score is 15 of 20

Answer Stats

PopulationAnswer% Correct
541,318,000China
100%
71,078,000Germany
100%
353,104,000India
100%
101,801,000Russia
95%
50,188,000United Kingdom
95%
149,422,000United States
91%
83,656,000Japan
86%
1,000Vatican City
86%
68,863,000Indonesia
82%
46,175,000Italy
82%
14,000Liechtenstein
77%
19,000Monaco
77%
6,000Andorra
73%
53,152,000Brazil
73%
13,000San Marino
68%
3,000Nauru
55%
5,000Tuvalu
55%
13,000Marshall Islands
45%
7,000Palau
45%
24,000Qatar
18%

Score Distribution

Percentile by Number Answered

Percent of People with Each Score

Your Score History

You have not taken this quiz